[Event "FRA-chT2C 0506"]
[Site "France"]
[Date "2005.10.16"]
[Round "1.9"]
[White "Forestier, Carole"]
[Black "Duprat, Fabrice"]
[Result "1-0"]
[WhiteElo "1641"]
[BlackElo "2103"]
[PlyCount "149"]
[EventDate "2005.10.27"]
[EventType "team"]
[EventRounds "11"]
[EventCountry "FRA"]
[SourceTitle "EXT 2006"]
[Source "ChessBase"]
[SourceDate "2005.11.24"]
[SourceVersion "1"]
[SourceVersionDate "2005.11.24"]
[SourceQuality "1"]

1. d4 d5 2. c4 e6 3. cxd5 exd5 4. Nc3 c6 5. Qc2 g6 6. Nf3 Bf5 7. Qb3 Qb6 8. Qxb6 axb6 9. Bf4 Nf6 10. e3 Bb4 11. Rc1 Nbd7 12. a3 Be7 13. h3 h6 14. Ne5 Nxe5 15. Bxe5 0-0 16. Kd2 Nd7 17. Bh2 b5 18. Bd3 Bxd3 19. Kxd3 b4 20. axb4 Bxb4 21. Ra1 Nb6 22. b3 Nd7 23. Na2 Be7 24. Nc3 Bb4 25. Na2 Be7 26. Nc3 Nf6 27. Rhb1 Rfe8 28. Be5 Nd7 29. Bh2 Kg7 30. Ne2 Bh4 31. Bg3 Be7 32. Ra4 Nb6 33. Raa1 Bb4 34. Nc3 Kf8 35. Na4 Nd7 36. Rc1 Ke7 37. Nc3 Nf6 38. Na2 Ba3 39. Rc2 Ne4 40. Bh2 Ra6 41. Nc3 Nxc3 42. Rxc3 Rea8 43. Rc2 Bb4 44. Rb1 Ra2 45. h4 h5 46. Bf4 Ke6 47. f3 Ra1 48. Rxa1 Rxa1 49. Re2 Rc1 50. Rb2 Kf5 51. Bg5 Rc3+ 52. Ke2 f6 53. e4+ dxe4 54. Bd2 e3 55. Bxc3 Bxc3 56. Rc2 Bxd4 57. b4 Ke6 58. Rc4 Kd5 59. Kd3 c5 60. bxc5 Bxc5 61. Rf4 Ke5 62. Re4+ Kd5 63. Re8 b6 64. Rg8 Ke5 65. Rxg6 Kf5 66. Rh6 Kf4 67. Ke2 Kg3 68. Rxh5 f5 69. Rh8 Bd4 70. Rh5 f4 71. Rf5 b5 72. h5 b4 73. Rb5 Bc3 74. h6 Kxg2 75. h7 1-0

[Event "IECG RH.2003.0.00010 email"]
[Site "IECG email"]
[Date "2003.11.09"]
[Round "1"]
[White "Duprat, Fabrice"]
[Black "Petrov, Milen"]
[Result "0-1"]
[WhiteElo "2125"]
[BlackElo "2054"]
[PlyCount "24"]
[EventDate "2003.11.09"]
[EventType "tourn (corr)"]
[EventRounds "6"]
[SourceTitle "Corr 2024"]
[Source "ChessBase"]
[SourceDate "2023.10.19"]
[SourceVersion "1"]
[SourceVersionDate "2023.10.19"]
[SourceQuality "1"]

1. e4 e6 2. d4 d5 3. Nd2 c5 4. exd5 Qxd5 5. Ngf3 cxd4 6. Bc4 Qd6 7. 0-0 Nf6 8. Nb3 Nc6 9. Nbxd4 Nxd4 10. Nxd4 a6 11. a4 Qc7 12. b3 Bd6 0-1

[Event "IECG CP.2003.P.00090 email"]
[Site "IECG email"]
[Date "2003.10.01"]
[Round "?"]
[White "Duprat, Fabrice"]
[Black "Nash, Peter"]
[Result "0-1"]
[WhiteElo "2125"]
[BlackElo "1461"]
[PlyCount "24"]
[EventDate "2003.10.01"]
[EventType "tourn (corr)"]
[EventRounds "6"]
[EventCountry "GER"]
[SourceTitle "Corr 2024"]
[Source "ChessBase"]
[SourceDate "2023.10.19"]
[SourceVersion "1"]
[SourceVersionDate "2023.10.19"]
[SourceQuality "1"]

1. Nf3 f5 2. c4 Nf6 3. d4 g6 4. g3 Bg7 5. Bg2 c6 6. 0-0 d5 7. cxd5 Nxd5 8. Nc3 e6 9. Bg5 Nxc3 10. bxc3 Qa5 11. Qb3 c5 12. Ne5 Bxe5 0-1

[Event "IECG CA.2003.0.00103 email"]
[Site "IECG email"]
[Date "2003.09.03"]
[Round "?"]
[White "Duprat, Fabrice"]
[Black "Stille, Alexander"]
[Result "1-0"]
[WhiteElo "2125"]
[BlackElo "2050"]
[PlyCount "49"]
[EventDate "2003.09.03"]
[EventType "tourn (corr)"]
[EventRounds "6"]
[SourceTitle "Corr 2008"]
[Source "ChessBase"]
[SourceDate "2008.06.24"]
[SourceVersion "1"]
[SourceVersionDate "2008.06.24"]
[SourceQuality "1"]

1. Nf3 Nf6 2. g3 b6 3. Bg2 Bb7 4. c4 e6 5. 0-0 c5 6. Nc3 a6 7. d4 cxd4 8. Qxd4 d6 9. Rd1 Be7 10. b3 Nbd7 11. e4 Qb8 12. Ba3 Nc5 13. e5 dxe5 14. Qxe5 Ncd7 15. Qxb8+ Rxb8 16. Bb2 b5 17. cxb5 axb5 18. Nxb5 Bxf3 19. Nc7+ Kd8 20. Bxf3 Kxc7 21. Rac1+ Kb6 22. Rc6+ Kb5 23. Rdc1 Nc5 24. a4+ Ka5 25. Bc3+ 1-0

[Event "IECG CA.2003.0.00103 email"]
[Site "IECG email"]
[Date "2003.09.03"]
[Round "?"]
[White "Duprat, Fabrice"]
[Black "Valverde Toresano, Andres"]
[Result "0-1"]
[WhiteElo "2125"]
[BlackElo "2124"]
[PlyCount "74"]
[EventDate "2003.09.03"]
[EventType "tourn (corr)"]
[EventRounds "6"]
[SourceTitle "Corr 2008"]
[Source "ChessBase"]
[SourceDate "2008.06.24"]
[SourceVersion "1"]
[SourceVersionDate "2008.06.24"]
[SourceQuality "1"]

1. Nf3 Nf6 2. g3 g6 3. b4 Bg7 4. Bb2 0-0 5. Bg2 d6 6. 0-0 e5 7. c4 Nbd7 8. Qc2 a5 9. a3 axb4 10. axb4 Rxa1 11. Bxa1 c6 12. d3 Qe7 13. e4 Ne8 14. Nbd2 Nc7 15. d4 Na6 16. Rb1 exd4 17. Nxd4 c5 18. bxc5 dxc5 19. Nb5 Nb4 20. Qb3 Bxa1 21. Rxa1 Nb6 22. Nf1 Rd8 23. Ne3 Rd3 24. Qb2 Qd8 25. e5 Rd2 26. Qc3 Qd3 27. Qxd3 Nxd3 28. Nd6 Be6 29. f4 Nb2 30. Nxb7 N2xc4 31. Nxc4 Bxc4 32. Nxc5 h5 33. Ne4 Rb2 34. Rd1 Kg7 35. Rd2 Rxd2 36. Nxd2 Be6 37. Ne4 Nd7 0-1

[Event "IECG CA.2003.0.00103 email"]
[Site "IECG email"]
[Date "2003.09.03"]
[Round "?"]
[White "Pannekoek, Willem Jan"]
[Black "Duprat, Fabrice"]
[Result "0-1"]
[WhiteElo "2000"]
[BlackElo "2125"]
[PlyCount "68"]
[EventDate "2003.09.03"]
[EventType "tourn (corr)"]
[EventRounds "6"]
[SourceTitle "Corr 2008"]
[Source "ChessBase"]
[SourceDate "2008.06.24"]
[SourceVersion "1"]
[SourceVersionDate "2008.06.24"]
[SourceQuality "1"]

1. e4 c6 2. d4 d5 3. e5 Bf5 4. Nc3 e6 5. g4 Bg6 6. Nge2 c5 7. Be3 Nc6 8. dxc5 Nxe5 9. Nd4 Nd7 10. b4 Be7 11. h4 h6 12. Bg2 a5 13. a3 Ngf6 14. g5 Nh5 15. Ncb5 Ne5 16. gxh6 gxh6 17. Bf1 Qb8 18. Rg1 Nf6 19. Be2 Kd7 20. bxa5 Rc8 21. f4 Nc6 22. h5 Be4 23. Rg7 Ke8 24. Nxc6 bxc6 25. Nd6+ Bxd6 26. cxd6 Qxd6 27. Qd4 Nd7 28. Rg8+ Ke7 29. Rxc8 Rxc8 30. c4 c5 31. Qd2 d4 32. Bf2 Bf5 33. a4 Rb8 34. Bh4+ f6 0-1